Multifunctionality of agriculture and joint production
Rast dôležitosti multifunkcionality poľnohospodárstva v Európskej únii. Multifunkčnosť odráža skutočnosť, že poľnohospodárstvo produkuje nielen rad komodít potravinového i nepotravinového charakteru, ale tiež externality a verejné statky. Metodologický rámec pre analýzu mimoprodukčných prínosov poľn...
Uložené v:
| Hlavný autor: | |
|---|---|
| Médium: | Kapitola |
| Jazyk: | English |
| Predmet: | |
| Tagy: |
Žiadne tagy, Buďte prvý, kto otaguje tento záznam!
|
MARC
| LEADER | 00000naa$a2200000$$$4500 | ||
|---|---|---|---|
| 001 | 0023018 | ||
| 005 | 20231113140800.2 | ||
| 041 | 0 | |a eng | |
| 044 | |a CZ | ||
| 245 | 1 | 0 | |a Multifunctionality of agriculture and joint production |c Libor Grega |
| 520 | |a Rast dôležitosti multifunkcionality poľnohospodárstva v Európskej únii. Multifunkčnosť odráža skutočnosť, že poľnohospodárstvo produkuje nielen rad komodít potravinového i nepotravinového charakteru, ale tiež externality a verejné statky. Metodologický rámec pre analýzu mimoprodukčných prínosov poľnohospodárstva musí zahŕňať i pohľad na multifunkčnosť poľnohospodárstva z dopytovej strany, tzn. musí uvažovať riešenie externalít a verejných statkov. Príspevok sa zameriava na združenú produkciu, tzn. venuje sa pohľadu na multifunkčné poľnohospodárstvo z ponukovej strany. | ||
| 610 | 2 | 0 | |a poľnohospodárstvo |
| 610 | 2 | 0 | |a výroba poľnohospodárska |
| 610 | 2 | 0 | |a politika poľnohospodárska |
| 610 | 2 | 0 | |a komodity |
| 610 | 2 | 0 | |a externality |
| 610 | 2 | 0 | |a statky verejné |
| 100 | 1 | |a Grega, Libor | |